Η συγκρότηση και η εδραίωση της Αυτοκρατορίας της Νίκαιας : ο αυτοκράτορας Θεόδωρος Α' Κομνηνός Λάσκαρις

Αποθηκεύτηκε σε:
Λεπτομέρειες βιβλιογραφικής εγγραφής
Κύριος συγγραφέας: Γιαρένης, Ηλίας
Συγγραφή απο Οργανισμό/Αρχή: Ινστιτούτο Βυζαντινών Ερευνών
Μορφή: Βιβλίο
Γλώσσα:Greek
Δημοσίευση: Αθήνα : Εθνικό Ίδρυμα Ερευνών, Ινστιτούτο Βυζαντινών Ερευνών, 2008.
Σειρά:Μονογραφίες (Ινστιτούτο Βυζαντινών Ερευνών) 12
Θέματα:
Ετικέτες: Προσθήκη ετικέτας
Δεν υπάρχουν, Καταχωρήστε ετικέτα πρώτοι!

MARC

LEADER 00000cam a2200000 i 4500
001 1/3314
008 100118s2008####gr ||| | gre||
020 |a 9789603710523  
022 |a 11068949 
035 |l 10106331 
040 |a GR-MY-UA  |b gre  |e aacr 
041 0 |a gre  |b eng 
082 7 |a 938.378   |2 (22) 
100 1 |a Γιαρένης, Ηλίας. 
245 1 2 |a Η συγκρότηση και η εδραίωση της Αυτοκρατορίας της Νίκαιας :   |b ο αυτοκράτορας Θεόδωρος Α' Κομνηνός Λάσκαρις /   |c Ηλίας Γιαρένης ; Εθνικό Ίδρυμα Ερευνών, Ινστιτούτο Βυζαντινών Ερευνών.  
260 |a Αθήνα :   |b Εθνικό Ίδρυμα Ερευνών, Ινστιτούτο Βυζαντινών Ερευνών,   |c 2008.  
300 |a 410 σ. ;   |c 24 εκ.  
490 1 |a (Μονογραφίες / Ινστιτούτο Βυζαντινών Ερευνών ;   |v 12) 
500 |a Περιέχει περίληψη στα αγγλικά.  
504 |a Περιέχει βιβλιογραφικές παραπομπές και ευρετήριο.  
600 0 0 |a Θεόδωρος   |b Β' Λάσκαρις,   |c Αυτοκράτορας της Νίκαιας,   |d 1222-1258. 
651 0 |a Byzantine Empire  |x History  |y 1081-1453. 
651 0 |a Nicaea, Empire of  |x History. 
710 2 |a Ινστιτούτο Βυζαντινών Ερευνών. 
830 0 |a Μονογραφίες (Ινστιτούτο Βυζαντινών Ερευνών)  |v 12 
852 |a INST  |b LESVOS  |e 20100118  |h 938.378 ΓΙΑ  |p 005100045844  |q 005100045844  |t BK  |y 0 
852 |a INST  |b LESVOS  |e 20100421  |h 938.378 ΓΙΑ  |p 005100047097  |q 005100047097  |t BK  |y 0 
852 |a INST  |b RHODES  |e 20230927  |h 938.378 ΓΙΑ  |p 005400043784  |q 005400043784  |t BK  |y 0 
901 |a BIBL1-2010-1 
909 |a Λ  |b 160131 
909 |a Λ  |b 163140 
970 |a ΓΙΑΛΑΜΑ  |b ΜΑΡΙΑ  |z 2010/01/18